Zwischen Politik und Prävention: Monitoring illegaler Drogen in der Schweiz

Guardado en:  
Detalles Bibliográficos
Autor principal: Achtermann, Wally (Autor)
Tipo de documento: Print Artículo
Lenguaje:Alemán
Publicado: 2016
En: Schweizerische Zeitschrift für Kriminologie
Año: 2016, Volumen: 15, Número: 1, Páginas: 21-25
Verificar disponibilidad: HBZ Gateway
Palabras clave:

MARC

LEADER 00000caa a2200000 c 4500
001 1640534121
003 DE-627
005 20180730160930.0
007 tu
008 160307s2016 xx ||||| 00| ||ger c
035 |a (DE-627)1640534121 
035 |a (DE-576)457648899 
035 |a (DE-599)BSZ457648899 
040 |a DE-627  |b ger  |c DE-627  |e rda 
041 |a ger 
100 1 |a Achtermann, Wally  |e VerfasserIn  |4 aut 
245 1 0 |a Zwischen Politik und Prävention  |b Monitoring illegaler Drogen in der Schweiz  |c Wally Achtermann 
264 1 |c 2016 
336 |a Text  |b txt  |2 rdacontent 
337 |a ohne Hilfsmittel zu benutzen  |b n  |2 rdamedia 
338 |a Band  |b nc  |2 rdacarrier 
773 0 8 |i Enthalten in  |t Schweizerische Zeitschrift für Kriminologie  |d Bern : Stämpfli, 2002  |g 15(2016), 1, Seite 21-25  |w (DE-627)355391910  |w (DE-600)2089753-4  |w (DE-576)101178697  |x 1660-2501  |7 nnas 
773 1 8 |g volume:15  |g year:2016  |g number:1  |g pages:21-25 
951 |a AR 
ELC |b 1 
LOK |0 000 xxxxxcx a22 zn 4500 
LOK |0 001 3302362315 
LOK |0 003 DE-627 
LOK |0 004 1640534121 
LOK |0 005 20250602150201 
LOK |0 008 160307||||||||||||||||ger||||||| 
LOK |0 040   |a DE-21-110  |c DE-627  |d DE-21-110 
LOK |0 689   |a s  |a Evaluation 
LOK |0 689   |a s  |a Monitoringsysteme 
LOK |0 689   |a s  |a Suchtprävention 
LOK |0 689   |a s  |a Suchthilfe 
LOK |0 689   |a s  |a Evidenzbasierte Suchtpolitik 
LOK |0 689   |a g  |a Schweiz 
LOK |0 689   |a s  |a Évaluation 
LOK |0 689   |a s  |a Système de monitorage 
LOK |0 689   |a s  |a Prévention des addictions 
LOK |0 689   |a s  |a Aide en matière d'addiction 
LOK |0 689   |a s  |a Politique des addictions basée sur les preuves 
LOK |0 689   |a g  |a Suisse 
LOK |0 689   |a s  |a Monitoring system 
LOK |0 689   |a s  |a Prevention of addictions 
LOK |0 689   |a s  |a Aid regarding addiction 
LOK |0 689   |a s  |a Evidence based politics of addiction 
LOK |0 689   |a g  |a Switzerland 
LOK |0 852   |a DE-21-110 
LOK |0 852 1  |m p  |9 00 
LOK |0 938   |k p 
LOK |0 939   |a 07-03-16  |b l01 
ORI |a SA-MARC-krimdoka001.raw